01295nam a22002657a 4500001000400000003000600004005001700010008004100027020001800068040002900086050001300115082001200128100005100140245007700191260003100268300001900299505000600318520053800324521001800862521001800880650003900898650002900937650003000966650003300996314FISKH20250210152309.0230320b cb ||||| |||| 00| 0 eng d a9780590129275 aFISKHbengcFISKHdFISKH aPZ8.S14  a843.912 aSaint-Exupéry, Antoine ded1900-1944eauthor aThe little princecWritten and illustrated by Antoine de Saint Exupéry aNew YorkbScholasticc1971 a111 p.c18 cm. aM aThe Little Prince, first published in 1943, is a novella, the most famous work of the French aristocrat, writer, poet, and pioneering aviator Antoine de Saint-Exupéry (1900-1944). The novella is the fourth most-translated book in the world and was voted the best book of the 20th century in France. Translated into more than 250 languages and dialects (as well as Braille), selling nearly two million copies annually with sales totaling over 140 million copies worldwide, it has become one of the best-selling books ever published.8 a630 bLexile8 aM bRaz-Plus aConduct of life vJuvenile Fiction aSaharavJuvenile Fiction aPrincesvJuvenile Fiction aAir pilotsvJuvenile Fiction